Masificación y crisis
Gorde:
| Egile nagusia: | |
|---|---|
| Formatua: | Liburua |
| Hizkuntza: | gaztelania |
| Argitaratua: |
Mérida
Venezolana
1986
|
| Gaiak: | |
| Etiketak: |
Etiketa erantsi
Etiketarik gabe, Izan zaitez lehena erregistro honi etiketa jartzen!
|
MARC
| LEADER | 00000nam a2200000 a 4500 | ||
|---|---|---|---|
| 001 | UCU5743 | ||
| 003 | CL-VaPUC | ||
| 008 | 960614e19860000VE |||||||||||||||||spa|d | ||
| 082 | 0 | 4 | |a 320 |b CEL |2 21 |
| 100 | 0 | |a Celis Parra, Bernardo |e author |9 363722 | |
| 245 | 1 | 0 | |a Masificación y crisis |
| 300 | |a 251 p | ||
| 942 | |c BK | ||
| 945 | |d 19960614 00:00:00 |a rbrito | ||
| 260 | |a Mérida |b Venezolana |c 1986 | ||
| 650 | 0 | |a Política |9 255312 | |
| 650 | 0 | |a Democracia |9 255256 | |
| 650 | 7 | |a FINES |2 CL-VaPUC |9 363723 | |
| 650 | 0 | |a Economía |9 255568 | |
| 650 | 7 | |a CRISIS DE CIVILIZACION |2 CL-VaPUC |9 337815 | |
| 650 | 0 | |a Corrupción |9 328304 | |
| 583 | |a last modification |c 19960614 00:00:00 |k Rodrigo Vera | ||
| 999 | |c 248940 |d 248938 | ||
| 952 | |0 0 |1 0 |4 0 |6 320_000000000000000_CEL_1986 |7 0 |8 A |9 265895 |a BIBENE |b BIBENE |d 2019-11-19 |i 3201708 |o 320 CEL 1986 |p 3201708 |r 2025-01-15 |w 2019-11-19 |y BK |k ICO | ||